000 00263nam a2200121Ia 4500
008 190216s9999||||xx |||||||||||||| ||und||
100 _aShakespere
245 0 _aMacbeth
260 _bAjith Book Center
_c1992
300 _a276p
650 _aEnglish
942 _cBK
999 _c13658
_d13658